<?xml version="1.0" encoding="UTF-8"?>
<record
    xmlns:xsi="http://www.w3.org/2001/XMLSchema-instance"
    xsi:schemaLocation="http://www.loc.gov/MARC21/slim http://www.loc.gov/standards/marcxml/schema/MARC21slim.xsd"
    xmlns="http://www.loc.gov/MARC21/slim">

  <leader>01717cam a2200193 i 4500</leader>
  <datafield tag="999" ind1=" " ind2=" ">
    <subfield code="c">37762</subfield>
    <subfield code="d">37762</subfield>
  </datafield>
  <datafield tag="020" ind1=" " ind2=" ">
    <subfield code="a">9781544342337</subfield>
  </datafield>
  <datafield tag="041" ind1=" " ind2=" ">
    <subfield code="a">eng-</subfield>
  </datafield>
  <datafield tag="082" ind1="0" ind2="0">
    <subfield code="a">001.4</subfield>
    <subfield code="b">CAS-</subfield>
  </datafield>
  <datafield tag="245" ind1="0" ind2="0">
    <subfield code="a">Case studies in needs assessment /</subfield>
    <subfield code="c">edited by Darlene F. Russ-Eft, Oregon State University, Catherine M. Sleezer, Employee Training and Performance Improvement Specialists.</subfield>
  </datafield>
  <datafield tag="260" ind1=" " ind2=" ">
    <subfield code="a">Los Angeles :</subfield>
    <subfield code="b">SAGE,</subfield>
    <subfield code="c">2020.</subfield>
  </datafield>
  <datafield tag="300" ind1=" " ind2=" ">
    <subfield code="a">xx, 288p.</subfield>
  </datafield>
  <datafield tag="504" ind1=" " ind2=" ">
    <subfield code="a">Includes bibliographical references.</subfield>
  </datafield>
  <datafield tag="520" ind1=" " ind2=" ">
    <subfield code="a">"The cases in this book offer insights about the practice of needs assessment in dynamic, real-world organizations and communities. This book invites both novice and seasoned analysts to look over the shoulders of practitioners, to examine needs assessment practice in action, to grasp the real-world issues that arise, and to understand a variety of needs assessment strategies and issues. Each case in this book examines the implementation of needs assessment in a specific situation. As such, it bridges needs assessment theories and actual practice. The book is organized around five major approaches to needs assessment: knowledge and skill assessment, job and task analysis, competency assessment, strategic needs assessment, and complex needs assessment. The last chapter in the book is a summary of lessons learned from all the case studies. It describes the insights and tricks of the trade that the book's editors gained from reviewing all the needs assessment cases. These insights can be used to improve future needs assessment practice and scholarship"--</subfield>
  </datafield>
  <datafield tag="546" ind1=" " ind2=" ">
    <subfield code="a">English.</subfield>
  </datafield>
  <datafield tag="650" ind1=" " ind2="0">
    <subfield code="a">Needs assessment</subfield>
    <subfield code="v">Case studies.</subfield>
  </datafield>
  <datafield tag="700" ind1="1" ind2=" ">
    <subfield code="a">Russ-Eft, Darlene F.</subfield>
    <subfield code="e">editor.</subfield>
  </datafield>
  <datafield tag="700" ind1="1" ind2=" ">
    <subfield code="a">Sleezer, Catherine</subfield>
    <subfield code="e">editor.</subfield>
  </datafield>
  <datafield tag="942" ind1=" " ind2=" ">
    <subfield code="2">ddc</subfield>
    <subfield code="c">BK</subfield>
  </datafield>
  <datafield tag="952" ind1=" " ind2=" ">
    <subfield code="0">0</subfield>
    <subfield code="1">0</subfield>
    <subfield code="4">0</subfield>
    <subfield code="7">0</subfield>
    <subfield code="a">NASSDOC</subfield>
    <subfield code="b">NASSDOC</subfield>
    <subfield code="d">2023-03-16</subfield>
    <subfield code="e">Overseas</subfield>
    <subfield code="g">0.00</subfield>
    <subfield code="l">0</subfield>
    <subfield code="o">001.4 CAS-</subfield>
    <subfield code="p">53319</subfield>
    <subfield code="r">2023-06-03 00:00:00</subfield>
    <subfield code="v">0.00</subfield>
    <subfield code="w">2023-06-03</subfield>
    <subfield code="y">BK</subfield>
  </datafield>
</record>
